000 01800nam0a2200361 4500
001 RU\NLR\bibl\124682
005 20260407042904.0
021 _aRU
_b2000-33431
_91559
035 _a(NLR Aleph) 000122115
090 _a695651
_c695651
100 _a20001101d2000 |||y0rusy50 ca
101 0 _arus
102 _aRU
105 _aa |||||||||
200 1 _aСборник докладов первой научно-практической конференции "Проблемы современного товарного осетроводства", 24-25 марта 1999 года
_f[Отв. ред. Васильева Л.М.]
210 _aАстрахань
_cФГУП НПЦ по осетроводству "Биос"
_cВолга
_d2000
215 _a141 с.
_d20
300 _aВ надзаг.: Гос. ком. Рос. Федерации по рыболовству, Федер. гос. унитар. предприятие науч.-произв. центр по осетроводству "Биос"
606 0 _aОсетровые
_jСъезды, совещания и т.п.
_xРазведение
_91268407
_3RU\NLR\auth\66204036
610 0 _aОсетровые - Разведение
675 _a639.371.2(082)
_v3
_zrus
686 _a69
_2rugasnti
686 _a47.2
_2rubbk
686 _aП729.41-3я431(2)
702 1 _aВасильева
_bЛ. М.
_4340
710 1 2 _a"Проблемы современного товарного осетроводства", научно-практическая конференция
_d1
_eАстрахань
_f1999
_9528320
_3RU\NLR\AUTH\8810015226
801 0 _aRU
_bRKP
_c20001101
_gPSBO
801 1 _aRU
_bRKP
_c20001101
801 2 _aRU
_bNLR
_c20010123
_grcr
852 _aNLR
_j2000-3/15963
942 _cBOOK
980 _aNB